| 000 | 00548nam a22001817a 4500 | ||
|---|---|---|---|
| 005 | 20251108172922.0 | ||
| 008 | 250721s1997 xx 000 0 ara d | ||
| 082 | 1 | 4 | _a616.079/ كرا |
| 100 | 1 | _aكرانكه، هانالوره | |
| 245 | 1 | 0 | _aكيف تنجو من الإيدز : في 300 سؤال و جواب / |
| 264 | 1 |
_aبيروت : _bدار النضال، _c1997. |
|
| 300 | _a175ص | ||
| 650 | 1 | 7 | _aالإيدز |
| 650 | 1 | 7 | _aالطب الوقائي |
| 700 | 1 |
_aالياسري، فيصل _etran. |
|
| 942 |
_2ddc _cBK |
||
| 999 |
_c91783 _d91783 |
||